000 00541nam a2200193Ia 4500
003 GCL
008 140319s9999 xx 000 0 ara d
040 _aGCL /
_cGCL
082 0 4 _a811.00906
_bع ا
100 1 _aعبادة كحيلة
245 1 0 _aاندلسيات /
_cعبادة كحيلة
260 _a[S.N] :
_bمكتبة مدبولى ،
_c1989
300 _a157 ص
490 _a
650 0 4 _aالشعر العربى
650 0 4 _aتاريخ ونقد
650 0 4 _aالشعر العربى - الاندلسى
942 _2ddc
_cBK
999 _c30367
_d30367